000
00267nam a22001217a 4500
008
180307b xxu||||| |||| 00| 0 eng d
041
_a
eng
080
_a
616-002.77
100
_a
7
101
_a
REU
245
_a
Military roentgenology
_c
Ulio,J.A
942
_2
udc
_c
BK
999
_c
44272
_d
44272